Instrumentos y regímenes de Cooperación Internacional (Registro nro. 184105)
[ vista simple ]
| 000 -ENCABEZADO | |
|---|---|
| Número de control [NR] | 01133 a2200289 4500 |
| 005 - FECHA Y HORA DE LA ÚLTIMA TRANSACCIÓN | |
| control field | 20140903175016.0 |
| 008 - DE LONGITUD FIJA DE DATOS DE ELEMENTOS - INFORMACIÓN GENERAL | |
| Elementos de longitud fija [NR] | 140120s2012 sp ||||fr|||| 00| 0 spa d |
| 020 ## - NUMERO INTERNACIONAL NORMALIZADO PARA LIBROS [R] | |
| Número Internacional Normalizado del libro [NR] | 9788498793567 |
| 040 ## - FUENTE DE CATALOGACION [NR] | |
| Agencia de catalogación original [NR] | CO-BoUCM |
| Idioma de catalogación [NR] | spa |
| Quien Cataloga | Jose A. Gerena |
| Quien Clasifica | |
| 041 00 - CODIGO DE IDIOMA [R] | |
| Código de idioma para texto/pista de sonido o título separado [R] | Español |
| 245 00 - MENCION DE TITULO [NR] | |
| Título [NR] | Instrumentos y regímenes de Cooperación Internacional |
| Mención de responsabilidad, etc. [NR] | dirigido por Fernando M. Mariño Menéndez ; Montserrat Abad Castelos...[y otros] |
| 260 ## - PUBLICACION, DISTRIBUCION, ETC. (PIE DE IMPRENTA) [R] | |
| Fecha de publicación, distribución, etc. [R] | 2012 |
| Nombre del editor, distribuidor, etc. [R] | Trotta |
| Lugar de publicación, distribución, etc. [R] | Madrid (España) |
| 300 ## - DESCRIPCION FISICA [R] | |
| Extensión [R] | 213 páginas |
| 490 ## - MENCION DE SERIE [R] | |
| Mención de serie [R] | Estructuras y procesos |
| -- | Serie derecho |
| 504 ## - NOTA DE BIBLIOGRAFIA, ETC. [R] | |
| Nota de bibliografía, etc. [NR] | Incluye referencias bibliográficas |
| 650 #4 - ASIENTO SECUNDARIO DE MATERIA - TERMINO TEMATICO [R] | |
| 9 (RLIN) | 21425 |
| Término temático o nombre geográfico como elemento de entrada [NR] | Personas (Derecho internacional) |
| 650 #7 - ASIENTO SECUNDARIO DE MATERIA - TERMINO TEMATICO [R] | |
| 9 (RLIN) | 11969 |
| Término temático o nombre geográfico como elemento de entrada [NR] | Cooperación internacional |
| 650 #7 - ASIENTO SECUNDARIO DE MATERIA - TERMINO TEMATICO [R] | |
| 9 (RLIN) | 7498 |
| Término temático o nombre geográfico como elemento de entrada [NR] | Derecho internacional público |
| 650 #7 - ASIENTO SECUNDARIO DE MATERIA - TERMINO TEMATICO [R] | |
| 9 (RLIN) | 7499 |
| Término temático o nombre geográfico como elemento de entrada [NR] | Derechos humanos |
| 690 ## - ASUNTO AGREGADO LOCAL DE ENTRADA - TÉRMINO TEMÁTICO (OCLC, RLIN) | |
| 9 (RLIN) | 42772 |
| Acceso temático local | Derecho internacional |
| 700 1# - ASIENTO SECUNDARIO - NOMBRE PERSONAL [R] | |
| Nombre personal [NR] | Abad Castelos, Montserrat |
| 9 (RLIN) | 53670 |
| 700 1# - ASIENTO SECUNDARIO - NOMBRE PERSONAL [R] | |
| Nombre personal [NR] | Alcoceba Gallego, Amparo |
| 9 (RLIN) | 53671 |
| 700 1# - ASIENTO SECUNDARIO - NOMBRE PERSONAL [R] | |
| Nombre personal [NR] | Cebada Romero, Alicia |
| 9 (RLIN) | 53672 |
| 700 1# - ASIENTO SECUNDARIO - NOMBRE PERSONAL [R] | |
| Nombre personal [NR] | Mariño Menéndez, Fernando M. |
| Término de relación [R] | director |
| 9 (RLIN) | 53654 |
| 942 ## - ELEMENTOS DE ENTRADA AGREGADOS (KOHA) | |
| Tema principal | Derecho |
| Tipo de ítem principal el descrito en 300a | Libro |
| Edición | 1 |
| Parte restante de la signatura top. | I599 |
| Sistema de clasificación | DEWEY |
| Clasificación | 341.7 |
| Fecha de último préstamo | Total préstamos | Total Renewals | Signatura topográfica | Código de barras | Última vez visto | Ejemplar | Costo de reposición | Price effective from | Tipo de ítem | Perdido | Sistema de clasificación | Dañado | No prestable | Tipo de ítem específico | Suprimido | Ubicación habitual | Ubicación actual | Localización | Fecha de creación | Proveedor | Forma de adquisición | Costo |
|---|---|---|---|---|---|---|---|---|---|---|---|---|---|---|---|---|---|---|---|---|---|---|
| 16/10/2024 | 6 | 3 | 341.7 I599 | 100139572 | 04/12/2025 | Ej.1 | 48887.00 | 02/12/2013 | Libro | DEWEY | Libro | Claustro | Claustro | 3er piso | 02/12/2013 | 1 | Compra | 48887.00 |